|
|
|
|
| LEADER |
00758cam a2200289 7i4500 |
| 001 |
0000070058 |
| 005 |
20210319090000.0 |
| 005 |
##20210319094800.0 |
| 003 |
##MY-KlINT |
| 008 |
210316t19871987nyu g 000 1 eng d |
| 020 |
# |
# |
|a 0515089494
|
| 039 |
# |
9 |
|a 202103190948
|b Amir
|y 202103160949
|z rozila
|
| 040 |
# |
# |
|a ELMU
|
| 082 |
0 |
0 |
|a 823.914
|
| 090 |
0 |
0 |
|a EF
|b HIL
|
| 100 |
1 |
# |
|a Hillstrom, Tom
|e author
|
| 245 |
1 |
0 |
|a RiDDLE / /
|c TOM HILLSTROM.
|
| 264 |
# |
0 |
|a New York, NY
|b A JOVE BOOK
|c 1987
|
| 264 |
# |
0 |
|c ♭1987
|
| 300 |
# |
# |
|a 345 pages;
|c 18cm.
|
| 336 |
# |
# |
|a text
|2 rdacontent
|
| 337 |
# |
# |
|a unmediated
|2 rdamedia
|
| 338 |
# |
# |
|a volume
|2 rdacarrier
|
| 583 |
# |
# |
|a LULUS
|
| 650 |
# |
0 |
|a Intelligence service
|
| 650 |
# |
0 |
|a English fiction
|
| 650 |
# |
0 |
|a Spy stories
|